<?xml version="1.0" encoding="UTF-8"?>
<record
    xmlns:xsi="http://www.w3.org/2001/XMLSchema-instance"
    xsi:schemaLocation="http://www.loc.gov/MARC21/slim http://www.loc.gov/standards/marcxml/schema/MARC21slim.xsd"
    xmlns="http://www.loc.gov/MARC21/slim">

  <leader>03357nam a2200253 a 4500</leader>
  <controlfield tag="001">000003852</controlfield>
  <controlfield tag="005">20200929150609.0</controlfield>
  <controlfield tag="008">090714s2008    dr ac   r     001 0 spa d</controlfield>
  <datafield tag="040" ind1=" " ind2=" ">
    <subfield code="a">DO-SdBNP</subfield>
    <subfield code="b">spa</subfield>
    <subfield code="c">BNPHU</subfield>
  </datafield>
  <datafield tag="082" ind1=" " ind2=" ">
    <subfield code="a">359.94097293</subfield>
    <subfield code="b">O77a</subfield>
  </datafield>
  <datafield tag="100" ind1="1" ind2=" ">
    <subfield code="a">Ortega Verg&#xE9;s, Carlos M.</subfield>
    <subfield code="9">11637</subfield>
  </datafield>
  <datafield tag="245" ind1="1" ind2="0">
    <subfield code="a">Aviaci&#xF3;n militar dominicana :</subfield>
    <subfield code="b">evoluci&#xF3;n hist&#xF3;rica (1910-2008) /</subfield>
    <subfield code="c">Carlos M. Ortega Verg&#xE9;s.</subfield>
  </datafield>
  <datafield tag="260" ind1=" " ind2=" ">
    <subfield code="a">Santo Domingo :</subfield>
    <subfield code="b">[s.n.],</subfield>
    <subfield code="c">2008.</subfield>
  </datafield>
  <datafield tag="300" ind1=" " ind2=" ">
    <subfield code="a">168 p. :</subfield>
    <subfield code="b">il., retrs. ;</subfield>
    <subfield code="c">23 cm.</subfield>
  </datafield>
  <datafield tag="590" ind1=" " ind2=" ">
    <subfield code="a">Inventariado, 2018/ YL</subfield>
  </datafield>
  <datafield tag="500" ind1=" " ind2=" ">
    <subfield code="a">Incluye evoluci&#xF3;n fotogr&#xE1;fica de la aviaci&#xF3;n dominicana</subfield>
  </datafield>
  <datafield tag="500" ind1=" " ind2=" ">
    <subfield code="a">]Incluye tres ejemplares autografiados por el autor.</subfield>
  </datafield>
  <datafield tag="505" ind1="0" ind2=" ">
    <subfield code="t">Agradecimientos --</subfield>
    <subfield code="t">Introducci&#xF3;n --</subfield>
    <subfield code="t">Leyendas de la aviaci&#xF3;n ;</subfield>
    <subfield code="t">Jos&#xE9; Pajarito o Burnside, &#xBF;qui&#xE9;n vol&#xF3; primero? ;</subfield>
    <subfield code="t">Mitolog&#xED;a del vuelo ;</subfield>
    <subfield code="t">Los precursores ;</subfield>
    <subfield code="t">La &#xE9;poca heroica de la aviaci&#xF3;n ;</subfield>
    <subfield code="t">La aviaci&#xF3;n como nueva arma militar ;</subfield>
    <subfield code="t">La era dorada de la aviaci&#xF3;n --</subfield>
    <subfield code="g">Cap&#xED;tulo I --</subfield>
    <subfield code="t">Inicios de la aviaci&#xF3;n en Rep&#xFA;blica Dominicana 1910-1930 ;</subfield>
    <subfield code="t">La aviaci&#xF3;n en Santo Domingo ;</subfield>
    <subfield code="t">West Indian Aerial Express ;</subfield>
    <subfield code="t">Charles Lindbergh a Santo Domingo ;</subfield>
    <subfield code="t">Conformaci&#xF3;n de un cuerpo de aviaci&#xF3;n militar ;</subfield>
    <subfield code="t">Nuestros precursores --</subfield>
    <subfield code="g">Cap&#xED;tulos II --</subfield>
    <subfield code="t">Creaci&#xF3;n de la Aviaci&#xF3;n Militar Dominicana : Primera d&#xE9;cada : 1931-1940 ;</subfield>
    <subfield code="t">Aeronaves y asientos de aterrizaje ;</subfield>
    <subfield code="t">Base naval y a&#xE9;rea ;</subfield>
    <subfield code="t">Pilotos ;</subfield>
    <subfield code="t">Galer&#xED;a de ex comandantes del Cuerpo de Aviaci&#xF3;n --</subfield>
    <subfield code="g">Cap&#xED;tulo III --</subfield>
    <subfield code="t">Nacimiento de la Fuerza A&#xE9;rea Dominicana : Segunda d&#xE9;cadas : 1941-1950 ;</subfield>
    <subfield code="t">Aeronaves ;</subfield>
    <subfield code="t">Pilotos ;</subfield>
    <subfield code="t">Galer&#xED;a de ex jefes de Estado Mayor --</subfield>
    <subfield code="g">Cap&#xED;tulo IV --</subfield>
    <subfield code="t">Desarrollo de la Fuerza A&#xE9;rea Dominicana : Tercera d&#xE9;cada : 1951-1960 ;</subfield>
    <subfield code="t">Compa&#xF1;&#xED;a de paracaidistas; creaci&#xF3;n del Comando de Fuerzas Especiales ;</subfield>
    <subfield code="t">Adquisici&#xF3;n de helicopteros; creaci&#xF3;n del Escuadr&#xF3;n de Rescate ;</subfield>
    <subfield code="t">Comando A&#xE9;reo Norte ; creaci&#xF3;n de la Base A&#xE9;rea Santiago ;</subfield>
    <subfield code="t">Adquisici&#xF3;n de aeronaves ;</subfield>
    <subfield code="t">Escuela de instructores ;</subfield>
    <subfield code="t">M&#xE1;s promociones, m&#xE1;s pilotos ;</subfield>
    <subfield code="t">Academia Militar Batalla de las Carreras ;</subfield>
    <subfield code="t">Galer&#xED;a de ex jefes de Estado Mayor --</subfield>
    <subfield code="g">Cap&#xED;tulo V --</subfield>
    <subfield code="t">Desarrollo de la Fuerza A&#xE9;rea Dominicana : Cuarta d&#xE9;cada : 1961-1970 ;</subfield>
    <subfield code="t">M&#xE1;s aeronaves ;</subfield>
    <subfield code="t">Pilotos ;</subfield>
    <subfield code="t">Galer&#xED;a ex jefes de Estado Mayor --</subfield>
    <subfield code="g">Cap&#xED;tulo VI --</subfield>
    <subfield code="t">Desarrollo de la Fuerza A&#xE9;rea Dominicana : Quinta d&#xE9;cada : 1971-1980 ;</subfield>
    <subfield code="t">Aeronaves ;</subfield>
    <subfield code="t">M&#xE1;s promociones, m&#xE1;s pilotos ;</subfield>
    <subfield code="t">Galer&#xED;a ex jefes de Estado Mayor --</subfield>
    <subfield code="g">Cap&#xED;tulo VII --</subfield>
    <subfield code="t">Desarrollo de la Fuerza A&#xE9;rea Dominicana : sexta d&#xE9;cada : 1981-1990 ;</subfield>
    <subfield code="t">Creaci&#xF3;n de la Academia A&#xE9;rea Frank A. F&#xE9;liz Miranda ;</subfield>
    <subfield code="t">Aeronaves ;</subfield>
    <subfield code="t">Pilotos ;</subfield>
    <subfield code="t">Galer&#xED;a ex jefes de Estado Mayor --</subfield>
  </datafield>
  <datafield tag="505" ind1="0" ind2=" ">
    <subfield code="g">Desarrollo de la Fuerza A&#xE9;rea Dominicana : s&#xE9;ptima d&#xE9;cada: 1991-2000 ;</subfield>
    <subfield code="t">Nuevas aeronaves y reacondicionamiento ;</subfield>
    <subfield code="t">Capacitaci&#xF3;n y nuevos pilotos ;</subfield>
    <subfield code="t">Galer&#xED;a de ex jefes de Estado Mayor --</subfield>
    <subfield code="g">Cap&#xED;tulo IX --</subfield>
    <subfield code="t">Desarrollo de la Fuerza A&#xE9;rea Dominicana : ocho a&#xF1;os de logros : 2001-2008 ;</subfield>
    <subfield code="t">Nuevas aeronaves y reacondicionamiento ;</subfield>
    <subfield code="t">Capacitaci&#xF3;n y nuevos pilotos ;</subfield>
    <subfield code="t">Galeria de ex jefes de Estado Mayor --</subfield>
    <subfield code="g">Fuentes --</subfield>
    <subfield code="g">Anexos --</subfield>
    <subfield code="g">Evoluci&#xF3;n fotogr&#xE1;fica.</subfield>
  </datafield>
  <datafield tag="590" ind1=" " ind2=" ">
    <subfield code="a">La biblioteca posee 3 ejemplares autografiados por el autor</subfield>
  </datafield>
  <datafield tag="650" ind1=" " ind2="4">
    <subfield code="a">Aviaci&#xF3;n militar</subfield>
    <subfield code="z">Rep&#xFA;blica Dominicana</subfield>
    <subfield code="y">1910-2008</subfield>
    <subfield code="9">11638</subfield>
  </datafield>
  <datafield tag="651" ind1=" " ind2="4">
    <subfield code="a">Rep&#xFA;blica Dominicana</subfield>
    <subfield code="x">Fuerza A&#xE9;rea</subfield>
    <subfield code="x">Historia</subfield>
    <subfield code="9">11639</subfield>
  </datafield>
  <datafield tag="910" ind1=" " ind2=" ">
    <subfield code="a">Validado. Control de calidad. MMOLINA</subfield>
  </datafield>
  <datafield tag="952" ind1=" " ind2=" ">
    <subfield code="0">0</subfield>
    <subfield code="1">0</subfield>
    <subfield code="5">4</subfield>
    <subfield code="7">0</subfield>
    <subfield code="8">DS</subfield>
    <subfield code="a">GR</subfield>
    <subfield code="b">GR</subfield>
    <subfield code="c">HD</subfield>
    <subfield code="d">2009-07-14</subfield>
    <subfield code="i">LF1</subfield>
    <subfield code="l">0</subfield>
    <subfield code="o">359.94097293 O77a</subfield>
    <subfield code="p">3852-30</subfield>
    <subfield code="r">2020-06-25</subfield>
    <subfield code="t">e.3</subfield>
    <subfield code="w">2020-06-25</subfield>
    <subfield code="y">LFDS</subfield>
    <subfield code="Z">Pr&#xE9;stamo en sala</subfield>
  </datafield>
  <datafield tag="952" ind1=" " ind2=" ">
    <subfield code="0">0</subfield>
    <subfield code="1">0</subfield>
    <subfield code="7">1</subfield>
    <subfield code="8">PD</subfield>
    <subfield code="a">PD</subfield>
    <subfield code="b">PD</subfield>
    <subfield code="c">HD</subfield>
    <subfield code="d">2009-07-14</subfield>
    <subfield code="i">LF1</subfield>
    <subfield code="l">0</subfield>
    <subfield code="o">359.94097293 O77a</subfield>
    <subfield code="p">3852-10</subfield>
    <subfield code="r">2020-06-25</subfield>
    <subfield code="w">2020-06-25</subfield>
    <subfield code="y">LFPD</subfield>
    <subfield code="Z">No se presta</subfield>
  </datafield>
  <datafield tag="952" ind1=" " ind2=" ">
    <subfield code="0">0</subfield>
    <subfield code="1">0</subfield>
    <subfield code="7">1</subfield>
    <subfield code="8">PD</subfield>
    <subfield code="a">PD</subfield>
    <subfield code="b">PD</subfield>
    <subfield code="c">HD</subfield>
    <subfield code="d">2009-07-14</subfield>
    <subfield code="i">LF1</subfield>
    <subfield code="l">0</subfield>
    <subfield code="o">359.94097293 O77a</subfield>
    <subfield code="p">3852-20</subfield>
    <subfield code="r">2020-06-25</subfield>
    <subfield code="t">e.2</subfield>
    <subfield code="w">2020-06-25</subfield>
    <subfield code="y">LFPD</subfield>
    <subfield code="Z">No se presta</subfield>
  </datafield>
  <datafield tag="999" ind1=" " ind2=" ">
    <subfield code="c">3674</subfield>
    <subfield code="d">3674</subfield>
  </datafield>
</record>
